000 00818cam a22002651 4500
001 17386
003 BD-RjUL
005 20211209000130.0
008 140216s1948 enkaf 001 0 eng
035 _a(BD-RjUL)17444
035 _a(OCoLC)3945363
040 _aDLC
_cNcRS
_dNcRS
_dDLC
_beng
041 _aeng
082 _a621.89
_bEVL 1948
100 1 _aEvans, Elliott A.
_q(Elliott Alfred)
_953578
245 1 0 _aLubricating and allied oils /
_cby Elliott A. Evans. Foreword by the late Viscount Wakefield of Hythe.
250 _a3d ed., rev.
260 _aLondon :
_bChapman & Hall,
_c1948.
300 _aix, 210 p. :
_billus., plates.;
_c22 cm.
500 _a"First published, 1921."
650 0 _aLubrication and lubricants.
_953579
942 _2ddc
_cBK
999 _c17386
_d17386